[Event "3º Open de Lisboa "]
[Site "Altis Park Hotel - Rua Eng.º A"]
[Date "2015.08.13"]
[Round "6.2"]
[White "MONTGOMERY, Jan Elkjaer Frants"]
[Black "FERREIRA, Luis Pedro Oliveira"]
[Result "1/2-1/2"]
[WhiteElo "2082"]
[BlackElo "2218"]
[PlyCount "129"]
[EventDate "2015.08.08"]

1. Nf3 g6 2. d4 Nf6 3. Bf4 Bg7 4. e3 d6 5. h3 O-O 6. Be2 c5 7. c3 Qb6 8. Qb3
Qxb3 9. axb3 Nc6 10. Nbd2 Nd5 11. Bh2 cxd4 12. exd4 e5 13. dxe5 dxe5 14. O-O
Bf5 15. Nc4 Nf4 16. Bxf4 exf4 17. Nd6 Be6 18. Bc4 Bxc4 19. Nxc4 Rfe8 20. b4 Re4
21. Nfd2 Re2 22. Rfe1 Rxe1+ 23. Rxe1 b5 24. Nd6 a5 25. bxa5 Rxa5 26. Re8+ Bf8
27. Nb3 Ra2 28. Nxb5 Rxb2 29. N3d4 Kg7 30. Re2 Rb1+ 31. Kh2 Nxd4 32. Nxd4 Bd6
33. Rd2 Be5 34. Rc2 Bxd4 35. cxd4 Rd1 36. Rc4 Rd2 37. Kg1 f3 38. gxf3 Rd3 39.
Kg2 g5 40. Kg3 h5 41. Rc5 h4+ 42. Kg4 f6 43. Rd5 Kg6 44. f4 gxf4 45. f3 Rd1 46.
Kxf4 Kf7 47. Kf5 Ke7 48. Kg4 Ke6 49. Rd8 Ke7 50. Rh8 Rxd4+ 51. f4 Kf7 52. Rxh4
Kg7 53. Kf5 Ra4 54. Rg4+ Kf7 55. Rg3 Ra5+ 56. Kg4 Kg6 57. Rf3 Ra4 58. Rb3 f5+
59. Kg3 Kh5 60. Rc3 Rb4 61. Ra3 Rc4 62. Rb3 Ra4 63. Rc3 Rb4 64. Ra3 Rc4 65. Rb3
1/2-1/2

[Event "3º Open de Lisboa "]
[Site "Altis Park Hotel - Rua Eng.º A"]
[Date "2015.08.13"]
[Round "6.3"]
[White "FERREIRA, Carlos André Santos"]
[Black "DUANY, Lelys Stanley Martin"]
[Result "0-1"]
[WhiteElo "2013"]
[BlackElo "2450"]
[PlyCount "78"]
[EventDate "2015.08.08"]

1. e4 c5 2. Nc3 Nc6 3. Bb5 Nd4 4. Bc4 e6 5. d3 a6 6. a4 Nf6 7. Nf3 d5 8. Ba2
dxe4 9. dxe4 b6 10. e5 Ng4 11. h3 Nh6 12. Bxh6 gxh6 13. Ne4 Bb7 14. Nf6+ Ke7
15. Nxd4 Qxd4 16. Qxd4 cxd4 17. O-O-O Rd8 18. c3 Bg7 19. cxd4 Bxf6 20. exf6+
Kxf6 21. f3 Rhg8 22. g4 Kg5 23. Rd3 Kf4 24. Kd2 Rd7 25. Ke2 Rc8 26. Bb3 h5 27.
Rg1 a5 28. Kf2 Bd5 29. Bd1 Bc4 30. Rd2 Rcd8 31. gxh5 Rxd4 32. Rg4+ Ke5 33.
Rdxd4 Rxd4 34. Be2 Bxe2 35. Kxe2 Rxg4 36. hxg4 Kf4 37. Kf2 h6 38. Ke2 f6 39.
Kf2 e5 0-1

[Event "3º Open de Lisboa "]
[Site "Altis Park Hotel - Rua Eng.º A"]
[Date "2015.08.13"]
[Round "6.4"]
[White "MORAIS, Vitor Mestre"]
[Black "VIELA, André Filipe Folha"]
[Result "1/2-1/2"]
[WhiteElo "2017"]
[BlackElo "2186"]
[PlyCount "140"]
[EventDate "2015.08.08"]

1. Nf3 Nf6 2. g3 g6 3. Bg2 Bg7 4. c4 O-O 5. O-O c5 6. Nc3 Nc6 7. d3 d5 8. cxd5
Nxd5 9. Bd2 Rb8 10. a3 Nc7 11. Rb1 b6 12. b4 Ne6 13. Ne4 cxb4 14. axb4 Bb7 15.
Qa4 a6 16. Rfc1 Ncd4 17. Nxd4 Nxd4 18. Qd1 Nb5 19. Qb3 Nd4 20. Qd1 Qd7 21. e3
Nb5 22. d4 e5 23. dxe5 Rfd8 24. Be1 Bxe5 25. Qe2 Qf5 26. Qf3 Qxf3 27. Bxf3 Bd5
28. Rd1 Kg7 29. Ng5 Ba2 30. Rxd8 Rxd8 31. Rd1 Rxd1 32. Bxd1 Nc3 33. Bf3 Bb1 34.
Bb7 a5 35. bxa5 bxa5 36. Nf3 Bf6 37. Nd4 Bxd4 38. exd4 Ne2+ 39. Kf1 Bd3 40.
Bxa5 Nxd4+ 41. Kg2 f6 42. h4 Bb5 43. Bc3 Bc6+ 44. Bxc6 Nxc6 45. f4 h5 46. Kf3
Kf7 47. Bb2 f5 48. Bc3 Ke6 49. Bb2 Kd5 50. Bc3 Kc4 51. Bf6 Kd3 52. Bb2 Na5 53.
Ba3 Nb3 54. Bb4 Nd4+ 55. Kf2 Ke4 56. Bc5 Nb3 57. Bb6 Kd3 58. Ba7 Nd2 59. Bb6
Ne4+ 60. Kf3 Kd2 61. Ba5+ Kd1 62. Bb4 Kc2 63. Ba5 Nd6 64. Bb4 Ne4 65. Ba5 Kd1
66. Bb4 Kc1 67. Ba5 Kc2 68. Bb4 Kd1 69. Ba5 Nd2+ 70. Kf2 Ne4+ 1/2-1/2

[Event "3º Open de Lisboa "]
[Site "Altis Park Hotel - Rua Eng.º A"]
[Date "2015.08.13"]
[Round "6.5"]
[White "SILVA, Miguel A Neto Pires"]
[Black "STELIAN, Turtã"]
[Result "1-0"]
[WhiteElo "2174"]
[BlackElo "1905"]
[PlyCount "51"]
[EventDate "2015.08.08"]

1. d4 d5 2. c4 c6 3. Nf3 dxc4 4. e4 b5 5. a4 Bb7 6. b3 cxb3 7. axb5 c5 8. d5 e6
9. Nc3 Nf6 10. Qxb3 exd5 11. exd5 Nxd5 12. Bc4 Qe7+ 13. Kf1 Nxc3 14. Bg5 f6 15.
Qxc3 Qc7 16. Re1+ Be7 17. Bh4 Kd8 18. Bg3 Qd7 19. Qb3 Qg4 20. h3 Qh5 21. Bf7
Qf5 22. Rd1+ Nd7 23. Be6 c4 24. Rxd7+ Ke8 25. Rxe7+ Kxe7 26. Qb4+ 1-0

[Event "3º Open de Lisboa "]
[Site "Altis Park Hotel - Rua Eng.º A"]
[Date "2015.08.13"]
[Round "6.6"]
[White "MARTINS, André G Gomes Brito"]
[Black "GUERRA, Vitor Manuel Véstia"]
[Result "0-1"]
[WhiteElo "2009"]
[BlackElo "2119"]
[PlyCount "82"]
[EventDate "2015.08.08"]

1. e4 c5 2. Nf3 e6 3. d4 cxd4 4. Nxd4 a6 5. Bd3 Qc7 6. O-O Nf6 7. Qe2 d6 8. c4
Be7 9. Nc3 Nc6 10. Nxc6 bxc6 11. f4 Nd7 12. Kh1 O-O 13. b3 Re8 14. Bb2 Bb7 15.
Rf3 Bf6 16. e5 dxe5 17. Ne4 Be7 18. Rg3 f5 19. Ng5 Bxg5 20. Rxg5 Re7 21. fxe5
Rf8 22. b4 c5 23. b5 Nb6 24. a4 Rd7 25. Bc2 Qd8 26. Bc1 f4 27. Qh5 g6 28. Bd2
Qxg5 29. Qxg5 Rxd2 30. Qe7 Bxg2+ 31. Kg1 Bh3 32. Rd1 Rg2+ 33. Kh1 Rxc2 34. Qh4
Bg2+ 35. Kg1 f3 36. h3 f2+ 37. Kh2 f1=N+ 38. Kg1 Nd2 39. Rxd2 Rxd2 40. Qg5 Nxc4
41. bxa6 Bxh3 0-1

[Event "3º Open de Lisboa "]
[Site "Altis Park Hotel - Rua Eng.º A"]
[Date "2015.08.13"]
[Round "6.7"]
[White "CADEIRINHAS, David Eduardo Lou"]
[Black "GUERREIRO, Nuno Ricardo De Jes"]
[Result "0-1"]
[WhiteElo "1877"]
[BlackElo "2106"]
[PlyCount "94"]
[EventDate "2015.08.08"]

1. d4 d5 2. c4 Nc6 3. Nc3 dxc4 4. d5 Ne5 5. f4 Ng4 6. e4 e5 7. Nf3 exf4 8. Bxf4
Bc5 9. h3 Ne3 10. Bxe3 Bxe3 11. Bxc4 Qd6 12. Qe2 Qg3+ 13. Kd1 Bb6 14. Bb5+ Bd7
15. Bxd7+ Kxd7 16. a4 a6 17. Kc2 Re8 18. Rad1 Ne7 19. d6 cxd6 20. e5 Nf5 21.
Ne4 Qf4 22. Qd3 Qe3 23. Nf6+ gxf6 24. Qxf5+ Kc7 25. Rxd6 fxe5 26. Rhd1 Kb8 27.
Kb1 Bc7 28. Rd7 f6 29. Qxf6 Qe4+ 30. R1d3 Rd8 31. Kc1 Rc8 32. Qf7 Rhg8 33. Qxh7
Qxh7 34. Rxh7 e4 35. Rdd7 exf3 36. gxf3 Rgf8 37. Kc2 Rxf3 38. b4 Bf4+ 39. Kd1
Rc7 40. Rd8+ Ka7 41. Rhh8 Rf2 42. Ra8+ Kb6 43. Rac8 Rd2+ 44. Ke1 Re7+ 45. Kf1
Bg3 46. Rce8 Rf7+ 47. Kg1 Bh2+ 0-1

[Event "3º Open de Lisboa "]
[Site "Altis Park Hotel - Rua Eng.º A"]
[Date "2015.08.13"]
[Round "6.8"]
[White "BRUNIER, Jules"]
[Black "LEÃO, Tiago Miguel Da Silv"]
[Result "1-0"]
[WhiteElo "2029"]
[BlackElo "1969"]
[PlyCount "61"]
[EventDate "2015.08.08"]

1. e4 c5 2. Nf3 d6 3. d4 cxd4 4. Nxd4 Nf6 5. Nc3 g6 6. Be2 Bg7 7. O-O O-O 8.
Kh1 Nc6 9. Be3 Bd7 10. f4 Qb6 11. Nxc6 Qxc6 12. e5 Ne4 13. Nd5 Rfe8 14. Bf3 e6
15. Bxe4 exd5 16. Bxd5 Qc8 17. c4 Be6 18. Qf3 Bxd5 19. cxd5 Qd7 20. exd6 Bxb2
21. Rab1 Bg7 22. Bc5 b6 23. Ba3 Rac8 24. Rbc1 Bd4 25. Qd3 Bc5 26. Bb2 Re3 27.
Qd2 Rce8 28. Be5 f6 29. Rxc5 bxc5 30. Qxe3 Qxd6 31. Bxd6 1-0

[Event "3º Open de Lisboa "]
[Site "Altis Park Hotel - Rua Eng.º A"]
[Date "2015.08.13"]
[Round "6.9"]
[White "CRACIUN, Ion"]
[Black "SOARES, Pedro José Garcia Pi"]
[Result "1-0"]
[WhiteElo "2025"]
[BlackElo "1657"]
[PlyCount "39"]
[EventDate "2015.08.08"]

1. d4 Nf6 2. c4 e6 3. Nc3 Bb4 4. Qc2 O-O 5. Bg5 b6 6. e4 Be7 7. Bd3 Bb7 8. Nge2
h6 9. Bh4 d6 10. O-O Nfd7 11. Bg3 Na6 12. a3 c5 13. d5 e5 14. f4 Bh4 15. Nb5
Bxg3 16. Nxg3 Qf6 17. Nf5 Rfd8 18. Nfxd6 Bc8 19. fxe5 Qg6 20. Nxf7 1-0

[Event "3º Open de Lisboa "]
[Site "Altis Park Hotel - Rua Eng.º A"]
[Date "2015.08.13"]
[Round "6.10"]
[White "ROXO, Agostinho José Gonça"]
[Black "DIOGO, Vasco André Marçalo"]
[Result "0-1"]
[WhiteElo "1882"]
[BlackElo "2240"]
[PlyCount "96"]
[EventDate "2015.08.08"]

1. c4 e5 2. Nc3 f5 3. g3 Nf6 4. Bg2 Bb4 5. Qb3 Na6 6. d3 c6 7. Bg5 O-O 8. Nf3
Qe7 9. a3 Ba5 10. O-O d6 11. Qc2 h6 12. Bd2 Be6 13. e3 e4 14. Nd4 Bxc3 15. Bxc3
Nc5 16. dxe4 fxe4 17. b3 Bd7 18. Ne2 Bf5 19. Nd4 Bg6 20. Ne2 Ng4 21. Nf4 Bf5
22. h3 Ne5 23. Bxe5 dxe5 24. Ne2 Rad8 25. g4 Bh7 26. Ng3 Qh4 27. Kh2 Nd3 28.
Ra2 Rf3 29. Bxf3 exf3 30. Qc3 e4 31. Rd2 Rd7 32. Qa5 Bg6 33. Qxa7 Kh7 34. Qa5
Re7 35. Rg1 Re5 36. Qc3 Rg5 37. Qd4 c5 38. Qd7 Ne5 39. Nxe4 Nxd7 40. Nxg5+ hxg5
41. Rg3 Nf6 42. Rb2 Be4 43. b4 Kg6 44. bxc5 Qh8 45. Rb6 Qc8 46. Rb5 Bc6 47. Rb4
Qc7 48. Kg1 Qe5 0-1

[Event "3º Open de Lisboa "]
[Site "Altis Park Hotel - Rua Eng.º A"]
[Date "2015.08.13"]
[Round "6.11"]
[White "MENDES, Modeste"]
[Black "SANTOS, José Luis Machado Al"]
[Result "0-1"]
[WhiteElo "1816"]
[BlackElo "2205"]
[PlyCount "48"]
[EventDate "2015.08.08"]

1. d4 d5 2. c4 e5 3. dxe5 d4 4. Nf3 Nc6 5. a3 Bg4 6. Nbd2 Qd7 7. g3 Nge7 8. Bg2
Ng6 9. b4 O-O-O 10. O-O Be7 11. Bb2 Bh3 12. Qa4 Kb8 13. b5 Ncxe5 14. Nxd4 Bxg2
15. Kxg2 h5 16. N2f3 h4 17. Rfd1 Bd6 18. c5 hxg3 19. h4 Nf4+ 20. Kf1 Nxf3 21.
Nxf3 Qh3+ 22. Ke1 Bxc5 23. Bd4 gxf2+ 24. Bxf2 Ng2+ 0-1

[Event "3º Open de Lisboa "]
[Site "Altis Park Hotel - Rua Eng.º A"]
[Date "2015.08.13"]
[Round "6.12"]
[White "CORREIA, Jorge Paulo Cardoso "]
[Black "PINTOR, Simão Maciel Abranch"]
[Result "1/2-1/2"]
[WhiteElo "1770"]
[BlackElo "2089"]
[PlyCount "84"]
[EventDate "2015.08.08"]

1. d4 Nf6 2. Nf3 g6 3. Bg5 Bg7 4. Nbd2 d6 5. e4 O-O 6. c3 Nbd7 7. Be2 e5 8.
dxe5 dxe5 9. Qc2 c6 10. Rd1 Qc7 11. b4 a5 12. Nc4 axb4 13. cxb4 Nb6 14. O-O Be6
15. Rd2 h6 16. Be3 Nxc4 17. Bxc4 Bxc4 18. Qxc4 Ra4 19. Bc5 b5 20. Qc2 Rfa8 21.
Qb1 Bf8 22. Bxf8 Rxf8 23. Rc1 Qe7 24. Rxc6 Rxb4 25. Rb2 Rxb2 26. Qxb2 Rd8 27.
g3 Nxe4 28. Qxb5 Ng5 29. Nxg5 Qxg5 30. Qb3 Qg4 31. Kg2 Qf5 32. Qc2 e4 33. Rc3
h5 34. h4 Qe5 35. Rc8 Rxc8 36. Qxc8+ Kg7 37. Qc4 e3 38. fxe3 Qxe3 39. Qf4 Qd3
40. Qf3 Qd2+ 41. Qf2 Qd5+ 42. Kh2 Qc4 1/2-1/2

[Event "3º Open de Lisboa "]
[Site "Altis Park Hotel - Rua Eng.º A"]
[Date "2015.08.13"]
[Round "6.13"]
[White "GARCIA, António Manuel Da Co"]
[Black "FIDALGO, Daniel Neves"]
[Result "1/2-1/2"]
[WhiteElo "1957"]
[BlackElo "1802"]
[PlyCount "59"]
[EventDate "2015.08.08"]

1. c4 e5 2. Nc3 Nf6 3. g3 c6 4. e4 d6 5. Bg2 Be6 6. b3 Be7 7. Nf3 h6 8. d4 exd4
9. Nxd4 Bg4 10. Qd2 O-O 11. O-O Qc8 12. Bb2 Rd8 13. Rae1 Na6 14. Nf5 Bf8 15.
Qf4 Bxf5 16. exf5 Nb4 17. Ne4 Nxe4 18. Bxe4 d5 19. Bb1 dxc4 20. Qxc4 Nd5 21.
Qh4 Re8 22. Re4 Rxe4 23. Qxe4 Qe8 24. Re1 Qxe4 25. Rxe4 Rd8 26. Kg2 Nf6 27. Rd4
Re8 28. Rd1 Bc5 29. Bxf6 gxf6 30. Bd3 1/2-1/2

[Event "3º Open de Lisboa "]
[Site "Altis Park Hotel - Rua Eng.º A"]
[Date "2015.08.13"]
[Round "6.14"]
[White "NEGRÃO, Alberto Rodolfo A S "]
[Black "ALMEIDA, Diogo António"]
[Result "1-0"]
[WhiteElo "1927"]
[BlackElo "1346"]
[PlyCount "33"]
[EventDate "2015.08.08"]

1. e4 e6 2. d4 d5 3. Nd2 Nf6 4. e5 Nfd7 5. Bd3 c5 6. c3 Qb6 7. Ne2 Nc6 8. Nf3
cxd4 9. cxd4 Bb4+ 10. Kf1 O-O 11. Nf4 Nxd4 12. Nxd4 Bc5 13. Nf3 f6 14. Qc2 Rf7
15. Bxh7+ Kh8 16. Qg6 Re7 17. Qh5 1-0

[Event "3º Open de Lisboa "]
[Site "Altis Park Hotel - Rua Eng.º A"]
[Date "2015.08.13"]
[Round "6.15"]
[White "COSTA, João Luis Silva M Yu"]
[Black "RODRIGUES, Luis Miguel Bernard"]
[Result "0-1"]
[WhiteElo "1782"]
[BlackElo "1882"]
[PlyCount "106"]
[EventDate "2015.08.08"]

1. d4 e6 2. g3 f5 3. Bg2 Nf6 4. Nh3 d5 5. O-O Bd6 6. Bf4 Be7 7. Nd2 O-O 8. Nf3
Ne4 9. Qc1 c5 10. c3 Nc6 11. Be5 g5 12. Nd2 Nxe5 13. dxe5 g4 14. Nf4 Qc7 15. c4
Qxe5 16. cxd5 exd5 17. Nd3 Qd6 18. f3 Ng5 19. Nf4 Ne6 20. fxg4 Nxf4 21. Rxf4
Bg5 22. Rf1 fxg4 23. Rxf8+ Kxf8 24. Qc2 Kg7 25. Qd3 Be6 26. Ne4 Qe5 27. Nxg5
Qxg5 28. Qb5 Qe3+ 29. Kh1 b6 30. Qa6 Bc8 31. Qb5 Qe6 32. Rd1 Bb7 33. Qd3 Rd8
34. Qd2 h6 35. Rf1 Rd7 36. Qf4 Rf7 37. Qb8 Rxf1+ 38. Bxf1 Qf7 39. Bg2 Bc6 40.
Qe5+ Qf6 41. Qc7+ Kg6 42. Qxa7 Qxb2 43. h4 gxh3 44. Bf3 c4 45. Qc7 Qf6 46. Qxb6
c3 47. Qc5 Bb7 48. a4 Qc6 49. Qd4 c2 50. Qg4+ Kf7 51. Qf5+ Kg7 52. Qe5+ Kg8 53.
Qb8+ Bc8 0-1

[Event "3º Open de Lisboa "]
[Site "Altis Park Hotel - Rua Eng.º A"]
[Date "2015.08.13"]
[Round "6.16"]
[White "ELIAS, Ruben Joel Monteiro"]
[Black "PIRES, Emanuel João Robarts"]
[Result "0-1"]
[WhiteElo "1812"]
[BlackElo "2133"]
[PlyCount "122"]
[EventDate "2015.08.08"]

1. e4 d6 2. d4 Nf6 3. Nc3 g6 4. f4 Bg7 5. Nf3 O-O 6. Be2 Na6 7. Bxa6 bxa6 8. b3
Bb7 9. Qd3 a5 10. a4 Qc8 11. Ba3 Qg4 12. g3 c5 13. O-O-O cxd4 14. Nxd4 Rac8 15.
h3 Qd7 16. g4 Rxc3 17. Qxc3 Nxe4 18. Qe3 Rc8 19. Bb2 Nf6 20. Rhe1 Nd5 21. Qg3
Qc7 22. Rd2 a6 23. Kb1 e5 24. fxe5 dxe5 25. Ne2 Nb4 26. Nc3 Qe7 27. Red1 Bc6
28. Ba3 e4 29. Qe3 Bf6 30. Nd5 Bxd5 31. Rxd5 Nxd5 32. Bxe7 Nxe3 33. Rd7 Bxe7
34. Rxe7 Nd5 35. Re5 Rd8 36. c4 Nb4 37. Rxe4 Rd3 38. Kb2 Rxh3 39. c5 Rh2+ 40.
Kc3 Rc2+ 41. Kd4 Kg7 42. g5 Rg2 43. Ke5 Rxg5+ 44. Kd6 Rd5+ 45. Kc7 Rxc5+ 46.
Kb6 Rf5 47. Re1 h5 48. Rh1 Kh6 49. Rg1 h4 50. Rh1 Rh5 51. Rf1 h3 52. Rh1 h2 53.
Kc7 Nd3 54. Kb6 Nf2 55. Rf1 Rg5 56. Rxf2 h1=Q 57. Rxf7 Qd5 58. Ra7 Qd6+ 59. Kb7
Rc5 60. Ka8 Rc8+ 61. Kb7 Rb8# 0-1

[Event "3º Open de Lisboa "]
[Site "Altis Park Hotel - Rua Eng.º A"]
[Date "2015.08.13"]
[Round "6.17"]
[White "WESSLEN, Ulf"]
[Black "ADÃO, David Jaime Changani"]
[Result "1-0"]
[WhiteElo "1989"]
[BlackElo "1788"]
[PlyCount "83"]
[EventDate "2015.08.08"]

1. e4 e5 2. f4 Nc6 3. Nf3 d6 4. Bc4 Be7 5. fxe5 dxe5 6. O-O Nf6 7. d3 O-O 8. c3
Bc5+ 9. Kh1 Ng4 10. Qe2 a6 11. Ng5 Nf6 12. Be3 Be7 13. Nd2 b5 14. Bb3 Bg4 15.
Ngf3 Qd7 16. Rae1 Rad8 17. Bc2 Qe6 18. Nb3 a5 19. Nc5 Qc8 20. Qf2 Bh5 21. Qg3
Ng4 22. Bg1 Rfe8 23. Nh4 Rd6 24. Nf5 Rg6 25. Bb3 Nh6 26. Qe3 Bg5 27. Nxh6+ gxh6
28. Bxf7+ Kh8 29. Qh3 Bg4 30. Qg3 Reg8 31. Bxg8 Rxg8 32. Be3 Be7 33. Qf2 h5 34.
d4 h4 35. d5 h3 36. g3 Rf8 37. Qd2 Bf3+ 38. Rxf3 Rxf3 39. dxc6 Qg4 40. Qd7 Rxe3
41. Rxe3 Qg5 42. Qe8+ 1-0

[Event "3º Open de Lisboa "]
[Site "Altis Park Hotel - Rua Eng.º A"]
[Date "2015.08.13"]
[Round "6.18"]
[White "SOUSA, Tadeu Filipe Leonard"]
[Black "LAVRADOR, Rodolfo Manuel Masca"]
[Result "1-0"]
[WhiteElo "1799"]
[BlackElo "1936"]
[PlyCount "93"]
[EventDate "2015.08.08"]

1. e4 e6 2. d4 d5 3. Nd2 Nf6 4. Bd3 dxe4 5. Nxe4 Nc6 6. Nxf6+ Qxf6 7. Nf3 h6 8.
O-O Bd6 9. c3 O-O 10. Nd2 e5 11. Ne4 Qh4 12. d5 Nd8 13. Nxd6 cxd6 14. f4 f5 15.
Qe1 Qxe1 16. Rxe1 e4 17. Be2 Bd7 18. a4 Nf7 19. Kf2 g5 20. g3 Kg7 21. Ke3 gxf4+
22. gxf4 Rg8 23. Bd2 Kf6 24. Rh1 a5 25. Be1 b6 26. Bh4+ Kg7 27. Be7 Rae8 28.
Rhg1+ Kh7 29. Bf6 Rxg1 30. Rxg1 Rg8 31. Rxg8 Kxg8 32. Bb5 Bxb5 33. axb5 a4 34.
Bd4 Nd8 35. Bxb6 Nb7 36. h4 h5 37. Kd4 Kf7 38. Kc4 Ke7 39. Kd4 Kd7 40. c4 Kc8
41. Kc3 Kd7 42. Be3 Kc7 43. b6+ Kc8 44. Kb4 Nc5 45. Kb5 Kb7 46. Bxc5 dxc5 47.
d6 1-0

[Event "3º Open de Lisboa "]
[Site "Altis Park Hotel - Rua Eng.º A"]
[Date "2015.08.13"]
[Round "6.19"]
[White "COELHO, Pedro Rodrigo Dias"]
[Black "ROMANO, João Manuel Pereira "]
[Result "0-1"]
[WhiteElo "1883"]
[BlackElo "1775"]
[PlyCount "110"]
[EventDate "2015.08.08"]

1. Nf3 Nf6 2. b3 g6 3. Bb2 Bg7 4. g3 d6 5. d4 O-O 6. Nbd2 Nbd7 7. c4 e5 8. Qc2
Re8 9. Bg2 c6 10. e3 e4 11. Ng1 d5 12. Ne2 Nf8 13. cxd5 cxd5 14. b4 h5 15. Rc1
Bg4 16. Qa4 N8h7 17. h3 Bf5 18. Nc3 h4 19. g4 Be6 20. Qa5 b6 21. Qa4 Ng5 22.
Qb3 Bf8 23. Kd1 Qe7 24. a3 Rac8 25. Ne2 a5 26. Rxc8 Rxc8 27. b5 Qc7 28. Nf4 Bd6
29. Nxe6 fxe6 30. Ke2 Qf7 31. a4 Rf8 32. Rf1 Nfh7 33. Ba3 Bxa3 34. Qxa3 Qc7 35.
Rh1 Qc2 36. Rc1 Rxf2+ 37. Kxf2 Qxd2+ 38. Kf1 Nf3 39. Qc3 Nhg5 40. Qxd2 Nxd2+
41. Kf2 Nc4 42. Bf1 Nb2 43. Rc6 Nxa4 44. Kg2 Kf7 45. Be2 Ke7 46. Bd1 Nb2 47.
Bb3 a4 48. Ba2 Nd1 49. Rxb6 Nxe3+ 50. Kf2 Nd1+ 51. Ke1 Nc3 52. Rc6 Nxb5 53. Rc5
Nf3+ 54. Kf2 Nfxd4 55. Ke3 Kd6 0-1

[Event "3º Open de Lisboa "]
[Site "Altis Park Hotel - Rua Eng.º A"]
[Date "2015.08.13"]
[Round "6.20"]
[White "BRAY, José Manuel"]
[Black "JESUS, João Pedro Mendes De"]
[Result "0-1"]
[WhiteElo "1873"]
[BlackElo "1764"]
[PlyCount "88"]
[EventDate "2015.08.08"]

1. e4 e5 2. Nf3 Nc6 3. Bb5 a6 4. Ba4 Nf6 5. O-O b5 6. Bb3 Be7 7. Re1 O-O 8. c3
d6 9. h3 h6 10. d4 Re8 11. Be3 Bf8 12. Nbd2 Bb7 13. Bc2 exd4 14. Bxd4 Nxd4 15.
Nxd4 Nd7 16. Re3 d5 17. Rg3 Bd6 18. Re3 Bf4 19. Re2 Bxd2 20. Rxd2 Ne5 21. Nf5
Qg5 22. exd5 Nf3+ 23. Qxf3 Qxd2 24. Bb3 Rad8 25. Qg3 Qg5 26. Qxg5 hxg5 27. Ne3
c6 28. dxc6 Bxc6 29. a4 Rd2 30. axb5 Bxb5 31. Ra2 Rb8 32. Bc4 Rb6 33. Bxb5 axb5
34. Ra8+ Kh7 35. c4 bxc4 36. Nxc4 Rd1+ 37. Kh2 Rb4 38. Ne5 f6 39. Ng4 Rxb2 40.
Ra5 Rc1 41. Rf5 Kg6 42. Rf3 Rcc2 43. Kg3 f5 44. Nh2 f4+ 0-1

[Event "3º Open de Lisboa "]
[Site "Altis Park Hotel - Rua Eng.º A"]
[Date "2015.08.13"]
[Round "6.21"]
[White "ALVES, Luis Miguel Guerreir"]
[Black "AGUIAR, Carlos Alberto Branc"]
[Result "1/2-1/2"]
[WhiteElo "1761"]
[BlackElo "1837"]
[PlyCount "154"]
[EventDate "2015.08.08"]

1. Nf3 e6 2. g3 Nf6 3. Bg2 d5 4. d4 c5 5. O-O Nc6 6. Nc3 Be7 7. dxc5 Bxc5 8.
Na4 Be7 9. Nd4 O-O 10. Nxc6 bxc6 11. c3 e5 12. Be3 Qc7 13. Bc5 Be6 14. h3 Bxc5
15. Nxc5 Nd7 16. Nxe6 fxe6 17. e3 Rab8 18. Qd2 e4 19. c4 Ne5 20. cxd5 exd5 21.
b3 Nd3 22. h4 Rf6 23. Rac1 Nxc1 24. Rxc1 Qb6 25. Bh3 Rbf8 26. f4 exf3 27. Kf2
Qa6 28. Bf1 Qc8 29. Qd4 Qb8 30. Rxc6 Rxc6 31. Qxd5+ Kh8 32. Qxc6 Rd8 33. Qc3
Qd6 34. a4 Qd1 35. Kg1 h6 36. Qc7 Rd2 37. Qc8+ Kh7 38. Qf5+ Kg8 39. Qc8+ Rd8
40. Qc7 Rd7 41. Qc8+ Kh7 42. Qc4 Re7 43. Qd3+ Qxd3 44. Bxd3+ g6 45. Kf2 Rd7 46.
Bc4 Kg7 47. Kxf3 Kf6 48. Bb5 Rd2 49. Bc4 g5 50. hxg5+ hxg5 51. e4 a5 52. Kg4
Rg2 53. Kf3 Rg1 54. Kg4 Re1 55. Kf3 Rc1 56. Bd5 Rc3+ 57. Kg4 Re3 58. Kh3 Ke5
59. Kg4 Re1 60. Kxg5 Rg1 61. Kg4 Rh1 62. Kg5 Rh7 63. Kg6 Rh3 64. g4 Rg3 65. Kg5
Rg1 66. Bc6 Rg2 67. Bd7 Rg3 68. Bf5 Rxb3 69. Kh6 Rb4 70. g5 Rxa4 71. g6 Ra1 72.
g7 Kf6 73. g8=N+ Ke5 74. Ne7 Re1 75. Nc6+ Kf4 76. Nxa5 Rxe4 77. Bxe4 Kxe4
1/2-1/2

[Event "3º Open de Lisboa "]
[Site "Altis Park Hotel - Rua Eng.º A"]
[Date "2015.08.13"]
[Round "6.22"]
[White "BRAVO, António José Vieira"]
[Black "MARTINS, Bruno André Leite"]
[Result "1/2-1/2"]
[WhiteElo "1835"]
[BlackElo "1703"]
[PlyCount "43"]
[EventDate "2015.08.08"]

1. Nf3 d5 2. d4 Nf6 3. e3 e6 4. Bd3 Be7 5. O-O O-O 6. b3 c5 7. Bb2 Nc6 8. Ne5
Qc7 9. f4 a6 10. Rf3 Ne4 11. Rh3 g6 12. Bxe4 dxe4 13. Nc3 f5 14. dxc5 Nxe5 15.
fxe5 Bxc5 16. Na4 Be7 17. Bd4 b5 18. Nc3 Bc5 19. Ne2 Rd8 20. c3 Bxd4 21. cxd4
Bb7 22. Nf4 1/2-1/2

[Event "3º Open de Lisboa "]
[Site "Altis Park Hotel - Rua Eng.º A"]
[Date "2015.08.13"]
[Round "6.23"]
[White "FORTUNATO, António Eduardo Con"]
[Black "REIS, Luís De Sousa Almeid"]
[Result "0-1"]
[WhiteElo "1642"]
[BlackElo "2196"]
[PlyCount "66"]
[EventDate "2015.08.08"]

1. e4 d5 2. exd5 Nf6 3. c4 c6 4. dxc6 Nxc6 5. Nc3 e5 6. d3 Bb4 7. a3 Bxc3+ 8.
bxc3 O-O 9. Bg5 h6 10. Bh4 Qa5 11. Qd2 Nd7 12. Be2 Nc5 13. Bd1 Bf5 14. Bc2 f6
15. Ne2 Rad8 16. Nc1 Ne4 17. Nb3 Nxd2 18. Nxa5 Nxa5 19. Kxd2 Nxc4+ 20. Ke2 Nb2
21. Rhb1 Nxd3 22. Ke3 b6 23. f3 Bh7 24. Rd1 Nf4 25. Bxh7+ Kxh7 26. Rxd8 Rxd8
27. Ra2 Rd3+ 28. Ke4 Rxc3 29. Be1 Rc4+ 30. Kf5 Nd3 31. Bd2 Kg8 32. g3 Kf7 33.
f4 Nf2 0-1

[Event "3º Open de Lisboa "]
[Site "Altis Park Hotel - Rua Eng.º A"]
[Date "2015.08.13"]
[Round "6.24"]
[White "BRANCO, Rómulo João Monteiro"]
[Black "FERREIRA, Hugo Miguel Da Costa"]
[Result "0-1"]
[WhiteElo "1646"]
[BlackElo "2133"]
[PlyCount "28"]
[EventDate "2015.08.08"]

1. d4 Nf6 2. Nc3 d5 3. Nf3 e6 4. Bg5 Be7 5. e4 Nxe4 6. Nxe4 dxe4 7. Bxe7 Qxe7
8. Ne5 Qb4+ 9. c3 Qxb2 10. c4 Qc3+ 11. Ke2 c5 12. Qa4+ Nd7 13. Rd1 cxd4 14. f4
Qe3# 0-1

[Event "3º Open de Lisboa "]
[Site "Altis Park Hotel - Rua Eng.º A"]
[Date "2015.08.13"]
[Round "6.25"]
[White "GUIA, Artur Solovyov Eloy "]
[Black "PRATA, José Miguel Mendes"]
[Result "0-1"]
[WhiteElo "1265"]
[BlackElo "2003"]
[PlyCount "60"]
[EventDate "2015.08.08"]

1. e4 e6 2. d4 d5 3. exd5 exd5 4. Bd3 Bd6 5. Nc3 Ne7 6. Nge2 Nbc6 7. a3 Bg4 8.
Be3 Qd7 9. Qd2 O-O-O 10. O-O Kb8 11. Bf4 f6 12. Bxd6 Qxd6 13. Nb5 Qd7 14. h3
Bf5 15. Rad1 g5 16. Ng3 Bxd3 17. Qxd3 h5 18. Rfe1 h4 19. Ne2 Rdg8 20. f3 f5 21.
Kh2 Ng6 22. Rg1 Rg7 23. Rdf1 a6 24. Nbc3 Nce7 25. Qe3 f4 26. Qd3 Nf5 27. Nd1
Ng3 28. Nxg3 hxg3+ 29. Kh1 Rxh3+ 30. gxh3 Qxh3# 0-1

[Event "3º Open de Lisboa "]
[Site "Altis Park Hotel - Rua Eng.º A"]
[Date "2015.08.13"]
[Round "6.28"]
[White "MARTINS, José Carlos Caetano"]
[Black "NOGUEIRA, Diana Sofia Cunha"]
[Result "0-1"]
[WhiteElo "1097"]
[BlackElo "1691"]
[PlyCount "104"]
[EventDate "2015.08.08"]

1. e4 e5 2. Nf3 Nc6 3. Bc4 Be7 4. O-O Nf6 5. Nc3 d6 6. h3 O-O 7. d3 Be6 8. Bb3
h6 9. Be3 Qd7 10. Bxe6 fxe6 11. Qd2 Bd8 12. Rad1 Qf7 13. d4 exd4 14. Nxd4 e5
15. Nf5 Ne7 16. Nxe7+ Bxe7 17. Nd5 Nxd5 18. Qxd5 c6 19. Qxf7+ Rxf7 20. f4 exf4
21. Rxf4 Bg5 22. Rf3 Rxf3 23. gxf3 Bxe3+ 24. Kg2 Bf4 25. h4 Re8 26. Kh3 g5 27.
hxg5 hxg5 28. Rh1 Kg7 29. Kg2 Rh8 30. Rxh8 Kxh8 31. c4 Kg7 32. Kf2 Kf6 33. b4
Ke5 34. a4 Kd4 35. b5 Kxc4 36. bxc6 bxc6 37. Ke2 Kb3 38. Kd3 c5 39. Ke2 c4 40.
Kd1 c3 41. Ke2 Kxa4 42. Kd3 Kb3 43. Ke2 a5 44. Kd1 a4 45. Ke2 a3 46. Ke1 c2 47.
Kf1 a2 48. Ke1 a1=R+ 49. Kf2 c1=R 50. Kg2 Rh1 51. Kf2 Rad1 52. Kg2 Rh2# 0-1